| 000 | 00423nam a2200157Ia 4500 | ||
|---|---|---|---|
| 008 | 210210b2001 xxu||||| |||| 00| 0 eng d | ||
| 020 | _a81 7014 787 5 | ||
| 082 | _a519.5 GUPS | ||
| 100 | _aGUPTA (S P) | ||
| 245 | _aStatistical methods Rev Ed 29 | ||
| 250 | _a | ||
| 260 |
_a _bNot Mentioned _c2001 |
||
| 300 | _axx,1425 | ||
| 650 | _astatistical Methods,B.A., B.Com., CA. Solved Problems, Answers | ||
| 906 | _a056485 | ||
| 999 |
_c104038 _d104038 |
||